|
|
|
|
| LEADER |
00000cam a2200000 7i4500 |
| 001 |
0000002581 |
| 005 |
20040205.0 |
| 020 |
0 |
0 |
|a 9832311373
|
| 090 |
0 |
0 |
|a 499.2331
|b ABD 2003
|
| 100 |
0 |
0 |
|a ABDULLAH Hassan
|c 1942-
|
| 245 |
1 |
0 |
|a Kamus seerti Bahasa Melayu
|c Abdullah Hassan & Ainon Mohd.
|
| 260 |
0 |
0 |
|a Kuala Lumpur :
|b PTS Pub. ,
|c 2003
|
| 300 |
|
|
|a 253 p. ;
|c 22 cm.
|
| 650 |
0 |
0 |
|a Malay language
|x Synonyms and antonyms
|x Dictionaries
|
| 700 |
0 |
1 |
|a Ainon Mohd. ,
|c 1950-
|
| 998 |
|
|
|a JPSM
|
| 999 |
|
|
|a 0000004990
|b Monograph
|c Open Shelf
|e Default branch
|
| 999 |
|
|
|a 0000004991
|b Monograph
|c Reference
|e Default branch
|